Essentials of Nursing Reserach (Record no. 5889)

MARC details
000 -LEADER
fixed length control field 00514nam a22001937a 4500
003 - CONTROL NUMBER IDENTIFIER
control field OSt
005 - DATE AND TIME OF LATEST TRANSACTION
control field 20180321193607.0
008 - FIXED-LENGTH DATA ELEMENTS--GENERAL INFORMATION
fixed length control field 171128b xxu||||| |||| 00| 0 eng d
020 ## - INTERNATIONAL STANDARD BOOK NUMBER
International Standard Book Number 9789350250976
040 ## - CATALOGING SOURCE
Transcribing agency DNLM
050 ## - LIBRARY OF CONGRESS CALL NUMBER
Classification number WY20.5 B29e 2011
100 ## - MAIN ENTRY--PERSONAL NAME
Personal name Basavanthappa, B.T.
9 (RLIN) 12264
245 ## - TITLE STATEMENT
Title Essentials of Nursing Reserach
260 ## - PUBLICATION, DISTRIBUTION, ETC. (IMPRINT)
Place of publication, distribution, etc. Bengaluru; Jaypee, 2011
300 ## - PHYSICAL DESCRIPTION
Extent 388p; ill: 24cm
504 ## - BIBLIOGRAPHY, ETC. NOTE
Bibliography, etc Glossary,appendix, & index included
650 ## - SUBJECT ADDED ENTRY--TOPICAL TERM
Topical term or geographic name as entry element Nursing Research
9 (RLIN) 6266
942 ## - ADDED ENTRY ELEMENTS (KOHA)
Source of classification or shelving scheme Other/Generic Classification Scheme
Koha item type Book Bank
Holdings
Withdrawn status Lost status Source of classification or shelving scheme Damaged status Not for loan Home library Current library Date acquired Source of acquisition Inventory number Total Checkouts Full call number Barcode Date last seen Koha item type Date last checked out
    Other/Generic Classification Scheme     MUST Main Library MUST Main Library 28/11/2017 Purchase 17/40309   WY20.5 B29e 2011 2017-0920 28/11/2017 Open Shelf  
    Other/Generic Classification Scheme     MUST Main Library MUST Main Library 28/11/2017   17/40310 1 WY20.5 B29e 2011 2017-0921 29/03/2021 Open Shelf 30/01/2020